000 00946nas a2200325 4500
001 BR0102624
003 BR-BrBNA
005 20231205102246.0
007 ta
008 230509b bl.|||p| |||| 00| 00por d
040 _aBR-BrBNA
_bpor
_cBiblioteca Nacional de Agricultura
041 _a(Pt)
072 _aQ54
100 1 _aItavo, L.C.V.
100 1 _aSantos, G.T. dos
100 1 _aJobim, C.C.
100 1 _aVoltolini, T.V.
100 1 _aFaria, K.P.
100 1 _aFerreira, C.C.B.
245 1 _aComposicao e digestibilidade aparente da silagem de bagaco de laranja
650 _aSilagem
650 _aLaranja
650 _aComposicao de Alimento
650 _aDigestibilidade Aparente
650 _aAditivo
650 _aPARANÁ
773 0 _tRevista Brasileira de Zootecnia (Brazil)
_xISSN 1516-3598
_g(Sep-Oct 2000), v. 29(5) p. 1485-1490
_wBR0102624
909 _a202311
_bLúcia
_c55
_dLúcia Elande
942 _2AGRIS
_n0
_cANA
999 _c166610
_d166610